000 00896nam a2200217Ia 4500
999 _c38442
_d38442
001 4454
003 GE_BSU
005 20190527155223.0
008 181216s1984||||ge |||||||||||||| ||geo||
040 _cGE_BSU
041 _ageo
080 _a517.1(075.8) ბ–95
100 _aბუაძე,ა.
_91652
245 _aმათემატიკა ინჟინრებისათვის I ნაწ. სახელმძღვ. /
_cა. ბუაძე ; რედ : გ. სამსონიძე.
264 _aთბილისი :
_bთბილ. უნ–ტის გამ–ბა,
_c1984.
300 _a392 გვ .:
_c21 სმ.
653 _aმათემატიკა ინჟინრებისათვის
653 _aმათემატიკა
700 _aსამსონიძე. გ
_eრედაქტორი
_91653
942 _cBK
_2udc